Guess the Fusion Rock Song Lyrics #270 - Statistics

General Stats
  • This quiz has been taken 12 times
  • The average score is 148 of 237
Answer Stats
Answer % Correct
be
91%
I
91%
a
82%
and
82%
And
82%
But
82%
but
82%
by
82%
can
82%
could
82%
go
82%
it
82%
me
82%
my
82%
the
82%
to
82%
way
82%
goin
73%
he
73%
I'll
73%
I've
73%
know
73%
so
73%
their
73%
there
73%
want
73%
with
73%
can't
64%
gets
64%
gonna
64%
got
64%
If
64%
if
64%
I'm
64%
life
64%
Like
64%
like
64%
They
64%
they
64%
won't
64%
you
64%
you're
64%
am
55%
did
55%
down
55%
dream
55%
free
55%
Oh
55%
pass
55%
that
55%
always
45%
bird
45%
highway
45%
Jim Croce
45%
livin
45%
name
45%
road
45%
rollin
45%
sing
45%
singin
45%
song
45%
ahead
36%
change
36%
daddy
36%
loud
36%
minds
36%
Movin
36%
wind
36%
carry
27%
croakin
27%
cry
27%
fool
27%
nowhere
27%
proud
27%
sky
27%
toad
27%
baby's
18%
lining
18%
north
18%
pine
18%
share
18%
trees
18%
whistlin
18%
winding
18%
hid
9%
kept
9%
whippoorwill
9%
No matching quizzes found
Score Distribution
Percent of People with Each Score
Percentile by Number Answered
Your Score History
You have not taken this quiz